| 000 | 01208cam a2200229 4500 | ||
|---|---|---|---|
| 001 | WB4016-06 | ||
| 008 | 040428n2004 000 0 eng u | ||
| 035 | _a(Sirsi) u126036 | ||
| 245 | _aManufacturing orders at nine year high | ||
| 260 | _c2004 | ||
| 490 |
_aCBI News Release _v26 April 2004 (2) |
||
| 520 | _aThe latest "CBI quarterly industrial trends survey" shows manufacturing recovery gathering momentum over the last three months. The balance of +18% manufacturers confirming total new orders were up is the highest since April 1995 but the growth is from a low base and the level of order books was still below normal. Export orders were well below the +17% growth expected and export deliveries were disappointing. Export orders over the next three months are expected to be higher than over the last three but expected have been sharply scaled back. http://www.cbi.org.uk/ndbs/press.nsf/0363c1f07c6ca 12a8025671c00381cc7/c70760b1f6ecac9480256e78004b32 8f?OpenDocument | ||
| 590 | _aWB | ||
| 590 | _aWB | ||
| 600 | _aMANUFACTURING | ||
| 650 | _aCBI SURVEY | ||
| 650 | _aEXPORT ORDERS | ||
| 650 | _aORDERS | ||
| 650 | _aINDUSTRIAL TRENDS | ||
| 690 | _aECONOMIC ISSUES | ||
| 942 | _n0 | ||
| 999 |
_c117258 _d117258 |
||